Statistiques concernant Anagrammes: Champions de lol 3

Cliquez ici pour prendre le quiz!

Statistiques générales

  • Ce quiz a été pris 128 fois
  • Le résultat moyen est 10 sur 15

Statistiques - réponses

HintRéponse% Correct
stteSett
97%
kriwcawWarwick
90%
soyauYasuo
86%
dumonMundo
85%
ydemarrentTryndamere
81%
blumerRumble
76%
chaosShaco
76%
kranaRakan
75%
trougUrgot
73%
aloneLeona
65%
jauniesSejuani
60%
afroiFiora
58%
ailierIrelia
50%
reconnutNocturne
37%
narnoiaOrianna
36%

Distribution des résultats

Percentile par nombre de réponses

% des personnes avec chaque résultat

Votre développement - résultats

Vous n’avez pas pris ce quiz